The Barefoot Surgeon (Record no. 43173)
[ view plain ]
| 000 -LEADER | |
|---|---|
| fixed length control field | 00343nam a22001457a 4500 |
| 005 - DATE AND TIME OF LATEST TRANSACTION | |
| control field | 20241220170818.0 |
| 008 - FIXED-LENGTH DATA ELEMENTS--GENERAL INFORMATION | |
| fixed length control field | 241220b |||||||| |||| 00| 0 eng d |
| 020 ## - INTERNATIONAL STANDARD BOOK NUMBER | |
| International Standard Book Number | 9780143447429 |
| 041 ## - LANGUAGE CODE | |
| Language code of text/sound track or separate title | English |
| 082 ## - DEWEY DECIMAL CLASSIFICATION NUMBER | |
| Item number | 1 |
| 100 ## - MAIN ENTRY--PERSONAL NAME | |
| Author | Gripper,Ali |
| 245 ## - TITLE STATEMENT | |
| Title | The Barefoot Surgeon |
| 260 ## - PUBLICATION, DISTRIBUTION, ETC. | |
| Place | India |
| Publisher | Penguin Random house |
| Publication Year | 2019 |
| 942 ## - ADDED ENTRY ELEMENTS (KOHA) | |
| Koha item type | Books |
No items available.